Statistics for 山东省地图 Shandong Map Quiz

Click here to take the quiz!

General Stats

  • This quiz has been taken 3 036 times
    (2 792 since last reset)
  • The average score is 14 of 16

Answers on the Map

Answers color-coded by a green-red scale on the quiz's map according to % correct below.
 

Answer Stats

区划% Correct
济南市
99%
青岛市
98%
烟台市
95%
威海市
94%
淄博市
88%
日照市
86%
潍坊市
86%
德州市
85%
菏泽市
85%
泰安市
85%
济宁市
83%
枣庄市
83%
东营市
82%
临沂市
80%
滨州市
77%
聊城市
72%

Score Distribution

Percentile by Number Answered

Percent of People with Each Score

Your Score History

You have not taken this quiz since the last reset